आँखों देखा हाल/ (Record no. 203211)

MARC details
000 -LEADER
fixed length control field 00944nam a22002297a 4500
005 - DATE AND TIME OF LATEST TRANSACTION
control field 20240524112238.0
010 ## - LCCN (DPL NO)
LC control number HIN-127700
020 ## - INTERNATIONAL STANDARD BOOK NUMBER
Terms of availability 499.000
International Standard Book Number 9789389245189
035 ## - SYSTEM CONTROL NUMBER
System control number HN-100046
037 ## - SOURCE OF ACQUISITION
Source of stock number/acquisition DBAD
082 ## - DEWEY DECIMAL CLASSIFICATION NUMBER
Classification number 821
100 ## - MAIN ENTRY--PERSONAL NAME
Personal name मैत्रेय, राहिब
245 ## - TITLE STATEMENT
Title आँखों देखा हाल/
Statement of responsibility, etc राहिब मैत्रेय
250 ## - EDITION STATEMENT
Edition statement प्रथम
260 ## - PUBLICATION, DISTRIBUTION, ETC. (IMPRINT)
Place of publication, distribution, etc लखनऊ
Name of publisher, distributor, etc दिव्यांश पब्लिकेशन्स
Date of publication, distribution, etc 2021
270 ## - ADDRESS
Address C-1-30, अंसल ए. पी. आई, सुशांत गोल्फ सिटी
City लखनऊ
Postal code 226030
Telephone number 8318363261, 9415185960
300 ## - PHYSICAL DESCRIPTION
Extent 128पृ.
Dimensions 23सेमी (सजिल्द)
500 ## - GENERAL NOTE
General note दोहा/रुबाई/कित्आत/मुक्तक संग्रह
700 ## - ADDED ENTRY--PERSONAL NAME
9 (RLIN) 61637
700 ## - ADDED ENTRY--PERSONAL NAME
Personal name
9 (RLIN) 61638
942 ## - ADDED ENTRY ELEMENTS (KOHA)
Source of classification or shelving scheme Dewey Decimal Classification
Item type Hindi Books
Classification part 821
Call number suffix मैत्रेय
Holdings
Withdrawn status Lost status Not for loan Collection code Home library Current library Date acquired Source of acquisition Cost, normal purchase price Full call number Barcode Copy number Cost, replacement price Koha item type
      Non-fiction Central Library Central Library 24/05/2024 DBAD 499.00 821 मैत्रेय HN-100046 1 499.00 Hindi Books

© Delhi Public Library
Hit Counter
free hit counter